Cuba libre era solo un cocktail (Record no. 14222)

MARC details
000 -LEADER
campo de control de longitud fija 00804nam a2200253 i 4500
001 - NÚMERO DE CONTROL
campo de control 14222
003 - IDENTIFICADOR DE NÚMERO DE CONTROL
campo de control ES-MaACL
005 - FECHA Y HORA DE LA ÚLTIMA TRANSACCIÓN
campo de control 20230906150740.0
007 - CAMPO FIJO DE DESCRIPCIÓN FÍSICA--INFORMACIÓN GENERAL
campo de control de longitud fija t|
008 - DATOS DE LONGITUD FIJA--INFORMACIÓN GENERAL
campo de control de longitud fija 981015s1995 it ||||1| ita d
020 ## - NÚMERO INTERNACIONAL ESTÁNDAR DEL LIBRO
Número Internacional Estándar del Libro 88-7770-417-9
080 ## - NÚMERO DE LA CLASIFICACIÓN DECIMAL UNIVERSAL
Número de la Clasificación Decimal Universal 32(729.1)"1959/..."
100 1# - ENTRADA PRINCIPAL--NOMBRE DE PERSONA
Nombre de persona Lami, Lucio.
9 (RLIN) 69849
245 10 - MENCIÓN DEL TÍTULO
Título Cuba libre era solo un cocktail
Resto del título : viaggi nella crisi del castrismo /
Mención de responsabilidad, etc. Lucio Lami ; postfazione di Carlos Alberto Montaner.
250 ## - MENCION DE EDICION
Mención de edición 1ª ed.
260 ## - PUBLICACIÓN, DISTRIBUCIÓN, ETC.
Lugar de publicación, distribución, etc. Milano :
Nombre del editor, distribuidor, etc. Spirali/Vel,
Fecha de publicación, distribución, etc. [1995]
300 ## - DESCRIPCIÓN FÍSICA
Extensión 249 p. ;
Dimensiones 21 cm.
490 1# - MENCIÓN DE SERIE
Mención de serie L'alingua ;
Designación de volumen o secuencia 121
651 #4 - PUNTO DE ACCESO ADICIONAL DE MATERIA--NOMBRE GEOGRÁFICO
Nombre geográfico Cuba-
Subdivisión general Política y gobierno-
Subdivisión cronológica 1959-
9 (RLIN) 165118
700 1# - ENTRADA AGREGADA--NOMBRE PERSONAL
Nombre de persona Montarner, Carlos Alberto.
9 (RLIN) 82407
830 0# - PUNTO DE ACCESO ADICIONAL DE SERIE-TÍTULO UNIFORME
Título uniforme L'alingua ;
Designación de volumen o secuencia 121
9 (RLIN) 228493
852 ## - LOCALIZACIÓN
Ubicación ES-MaACL
Número de control de estantería L-21416
Sublocalización o colección R.124911
Holdings
Estatus retirado Estado de pérdida Estado de daño No para préstamo Biblioteca de origen Biblioteca actual Ubicación en estantería Fecha de adquisición Fuente de adquisición Total de préstamos Signatura topográfica completa Código de barras Visto por última vez Precio de reemplazo Tipo de ítem Koha
        Biblioteca del Ateneo de Madrid Biblioteca del Ateneo de Madrid Depósito 2 17/01/2008     L-21416 1014468 23/02/2023 23/02/2023 Libro impreso